| 000 | 01074cam a2200325Ka 4500 | ||
|---|---|---|---|
| 001 | 84389 | ||
| 005 | 20230411090043.0 | ||
| 008 | 990810s1967 sp a 000 0 spa d | ||
| 035 | _a(OCoLC)ocm42042963 | ||
| 040 |
_aDZM _cDZM _dOCL _dOCLCQ |
||
| 035 | _a(OCoLC)42042963 | ||
| 041 | 1 |
_aspa _hfre |
|
| 092 |
_a395 _bLIBR |
||
| 049 | _aGRAL | ||
| 130 | 0 |
_aLivre d'or de savoir-vivre. _lSpanish. |
|
| 245 | 1 | 3 |
_aEl libro de oro de la cortesía : _bguía ilustrada de la etiqueta / _cversión española por Enrique Forns y Fafían ; [dibujos de Max Frei]. |
| 246 | 3 | 0 | _aGuía ilustrada de la etiqueta |
| 246 | 3 | 0 | _aEtiqueta |
| 260 |
_aBarcelona : _bJuan Flors, Editor, _cc1967. |
||
| 300 |
_a460 p. : _bill. ; _c24 cm. |
||
| 500 | _aTranslation of: Le livre d'or du savoir vivre. | ||
| 500 | _a"Con 350 fotografías y dibujos." | ||
| 650 | 0 | _aEtiquette. | |
| 650 | 0 |
_aEtiquette _vPicture books. |
|
| 650 | 7 |
_aEtiqueta. _2bidex |
|
| 650 | 7 |
_aEtiqueta _vLibros de láminas. _2bidex |
|
| 700 | 1 | _aForns y Fafían, Enrique. | |
| 942 |
_2lcc _cbk |
||
| 994 |
_aC0 _bDRFGD |
||
| 999 |
_c111646 _d111646 |
||